00980nab a22002177a 4500003000400000005001700004008004100021040000700062100003800069245007700107260007300184300001500257500004100272505015800313505009000471650002900561650001500590650001200605650001300617773013200630OSt20251123222923.0190603e xxum|||| |||| 00| 0 spa d cPJ aBarbón Lacambra, José Antonio10aOtra mirada al contrato de seguro / cJosé Antonio Barbón Lacambra.  cCiudad Autónoma de Buenos Aires :aThomson Reuters La Ley, b2025. ap. 317-333 aCita Online: TR LALEY AR/DOC/24/2025 aSumario: I. Introducción.— II. El contrato de seguro.— III. Elementos del contrato de seguro.— IV. Derechos, obligaciones y cargas de las partes. t¿Te interesa el texto completo? Solicitalo al correo: koha@justierradelfuego.gov.ar  0aCODIGO CIVIL Y COMERCIAL 0aCONTRATOS  0aSEGUROS 0aPÓLIZA0 02713dCiudad Autónoma de Buenos Aires : Thomson Reuters La Ley, 2015-tRevista Código Civil y Comercial. Nº 2 - Abril 2025